New directions in political socialization /

Bibliographic Details
Main Author: Schwartz, David C.
Other Authors: Schwartz, Sandra Kenyon
Format: Book
Language:English
Published: New York : Free Press, [1975]
Subjects:

MARC

Tag First Indicator Second Indicator Subfields
LEADER 00000pam a2200000 4500
001 in00000458998
005 20151012155732.0
008 740625s1975 nyu b 00110 eng d
010 |a  74002653  
020 |a 0029281806  |c $9.98 
035 |a (OCoLC)00969594 
035 |9 ABZ2288AM 
040 |a DLC  |c DLC  |d TXA  |d UtOrBLW 
049 |a TXAM  |c [1101670] 
050 0 0 |a JA76  |b .S36 
082 0 |a 301.5/92 
100 1 |a Schwartz, David C. 
245 1 0 |a New directions in political socialization /  |c Edited by David C. Schwartz and Sandra Kenyon Schwartz. 
264 1 |a New York :  |b Free Press,  |c [1975] 
300 |a xii, 340 pages ;  |c 24 cm. 
336 |a text  |b txt  |2 rdacontent 
337 |a unmediated  |b n  |2 rdamedia 
338 |a volume  |b nc  |2 rdacarrier 
504 |a Includes bibliographies. 
650 0 |a Political socialization. 
700 1 |a Schwartz, Sandra Kenyon. 
999 |a MARS 
999 f f |s 881bbf68-f5c0-3526-8da9-cfcdbd9dbe8f  |i 78b65123-5959-3e95-bbf1-3040cd5bf99b  |t 0 
952 f f |p ric  |a Texas A&M University  |b Rellis Campus  |c Joint Library Facility  |d Remote Storage  |t 0  |e JA76 .S36  |h Library of Congress classification  |i unmediated -- volume  |m A14803066735 
998 f f |a JA76 .S36  |t 0  |l Remote Storage